Normal view
MARC view
Entry Topical Term
001 - CONTROL NUMBER
- control field: 81074
003 - CONTROL NUMBER IDENTIFIER
- control field: OSt
005 - DATE AND TIME OF LATEST TRANSACTION
- control field: 20230331152327.0
008 - FIXED-LENGTH DATA ELEMENTS
- fixed length control field: 230331|| aca||aabn | a|a d
040 ## - CATALOGING SOURCE
- Original cataloging agency: OSt
- Transcribing agency: OSt
150 ## - HEADING--TOPICAL TERM
- Topical term or geographic name entry element: Probabilities
670 ## - SOURCE DATA FOUND
- Source citation: Work cat.: (OSt)168980: ROSS (Sheldon) 81073, First course in probability Ed 9, 2017